| 000 | 00472nam a2200157 a 4500 | ||
|---|---|---|---|
| 005 | 20140412111326.0 | ||
| 008 | 110128s19uu xx 00 eng d | ||
| 020 | _a1-55734-469-8 | ||
| 050 |
_aTR(GS 371.1 _bK881 1996 |
||
| 100 | _aKremer, Kelly Dos Santos | ||
| 245 |
_aHow to be an Effective Teacher / _cKelly Dos Santos Kremer. |
||
| 260 |
_aU.S.A : _bTeacher Created materials inc, _c1996. |
||
| 300 | _a96p. | ||
| 440 | _aTeacher created materials | ||
| 999 |
_c104661 _d104661 |
||